Statistiche per Rosa Italia 2021

Clicka qui per fare il quiz!

Statistiche generali

  • Questo quiz è stato fatto 85 volte
  • Il punteggio medio è 22 su 26

Statistiche sulle risposte

RuoloClub dell'epocaCalciatore% Corretto
MilanGianluigi Donnarumma
100%
JuventusGiorgio Chiellini
97%
Paris Saint-GermainMarco Verratti
96%
NapoliAlex Meret
94%
LazioCiro Immobile
94%
JuventusLeonardo Bonucci
94%
JuventusFederico Chiesa
93%
DifensoreNapoliGiovanni Di Lorenzo
93%
PortiereTorinoSalvatore Sirigu
93%
SassuoloDomenico Berardi
92%
ChelseaJorginho
90%
NapoliLorenzo Insigne
89%
InterAlessandro Bastoni
87%
AttaccanteTorinoAndrea Belotti
87%
InterNicolò Barella
87%
ChelseaEmerson Palmieri
85%
RomaLeonardo Spinazzola
85%
AtalantaRafael Tolói
79%
LazioFrancesco Acerbi
77%
RomaBryan Cristante
76%
CentrocampistaSassuoloManuel Locatelli
76%
Paris Saint-GermainAlessandro Florenzi
75%
SassuoloGiacomo Raspadori
75%
AtalantaMatteo Pessina
72%
JuventusFederico Bernardeschi
68%
FiorentinaGaetano Castrovilli
65%

Distribuzione punteggi

Percentile per numero di risposta

Percentuale di utenti per punteggio

I tuoi punteggi nel tempo

Non hai fatto questo quiz